000 00583nam a22002057a 4500
005 20251108174953.0
008 250721s2010 xx 000 0 ara d
082 1 4 _a811.009/مفر
100 1 _aمفرح، سعدية
_eمؤلف
245 1 0 _aوجع الذاكرة /
264 1 _aالكويت :
_bوزارة الإعلام،
_c2010.
300 _a208ص.
490 0 _aكتاب العربي
_v79
650 1 7 _aالشعر العربي
650 1 7 _aالشعراء العرب
650 1 7 _aفلسطين
700 1 _aحجي، محمد
942 _2ddc
_cBK
999 _c122805
_d122805